| 000 | 00933cam a22002773a 4500 | ||
|---|---|---|---|
| 001 | 11030 | ||
| 003 | PGUSA | ||
| 005 | 20140828083232.0 | ||
| 008 | 040201s2004||||xxu|||||s|||||000 | eng d | ||
| 040 |
_aPGUSA _beng |
||
| 042 | _adc | ||
| 050 | 4 | _aE300 | |
| 100 | 1 |
_aJacobs, Harriet A. _q(Harriet Ann), _d1813-1897 |
|
| 245 | 1 | 0 |
_aIncidents in the Life of a Slave Girl : _bWritten by Herself _h[electronic resource] / _cHarriet A. Jacobs |
| 260 |
_bProject Gutenberg, _c2004 |
||
| 506 | _aPublic domain in the USA. | ||
| 516 | _aElectronic text | ||
| 653 | _aWomen slaves -- United States -- Biography | ||
| 653 | _aSlaves -- United States -- Social conditions | ||
| 653 | _aJacobs, Harriet A. (Harriet Ann), 1813-1897 | ||
| 653 | _aSlaves -- United States -- Biography | ||
| 700 | 1 |
_aChild, Lydia Maria, _d1802-1880 |
|
| 830 | 0 |
_aProject Gutenberg _v11030 |
|
| 856 | 4 | 0 | _uhttp://www.gutenberg.org/ebooks/11030 |
| 942 | _cEB | ||
| 999 |
_c240285 _d240285 |
||